Rangers FC players from outside Europe - Statistics

General Stats
  • This quiz has been taken 52 times
    18 since last reset
  • The average score is 12 of 55
Answer Stats
Country Player % Correct
Colombia Alfredo Morelos
83%
Zambia Fashion Sakala
78%
Canada Scott Arfield
67%
USA James Sands
56%
Nigeria Joe Aribo
56%
Jamaica Kemar Roofe
50%
USA Malik Tillman
39%
Nigeria Calvin Bassey
39%
Australia Craig Moore
39%
Curacao Juninho Bacuna
39%
Trinidad and Tobago Marvin Andrews
39%
Argentina Claudio Caniggia
33%
Nigeria Leon Balogun
33%
Algeria Madjid Bougherra
33%
Nigeria Sone Aluko
33%
Algeria Brahim Hemdani
28%
USA Carlos Bocanegra
28%
USA Claudio Reyna
28%
Gabon Daniel Cousin
28%
Senegal Elhadji Diouf
28%
Mali Lassana Coulibaly
28%
Australia Tony Vidmar
28%
Honduras Arnald Peralta
22%
Tunisia Bilel Mohsni
22%
South Africa Bongani Zungu
22%
Mexico Carlos Pena
22%
USA Maurice Edu
22%
Trinidad and Tobago Russell Latapy
22%
USA Alejandro Bedoya
17%
USA Damarcus Beasley
17%
Canada Fraser Aird
17%
French Guyana Jean-Claude Darcheville
17%
Tunisia Hamed Namouchi
11%
Australia Kevin Muscat
11%
Chile Sebastian Rozenthal
11%
South Africa Dean Furman
6%
Argentina Federico Nieto
6%
Argentina Gabriel Amato
6%
USA Matt Polster
6%
Egypt Mohammed Latif
6%
Canada Colin Miller
0%
Australia Dave Mitchell
0%
South Africa Don Kitchenbrand
0%
Mexico Eduardo Herrera
0%
Brazil Emerson
0%
USA Emerson Hyndman
0%
Brazil Emilson Cribari
0%
Ghana Joe Dodoo
0%
South Africa Johnny Hubbard
0%
Canada Luca Gasparatto
0%
Senegal Makhtar N'Diaye
0%
Jamaica Marcus Gayle
0%
Australia Matt McKay
0%
Antigua and Barbuda Moses Ashikodi
0%
Nigeria Nnamdi Ofobohr
0%
No matching quizzes found
Score Distribution
Percent of People with Each Score
Percentile by Number Answered
Your Score History
You have not taken this quiz since the last reset